THE FOSSIL EVIDENCE FOR HUMAN EVOLUTION : AN INTRODUCTION TO THE STUDY OF PALEOANTHROPOLOGY /

-д хадгалсан:
Номзүйн дэлгэрэнгүй
Үндсэн зохиолч: Clark, Wilfrid Edward Le Gros (autor)
Формат: Ном
Хэвлэл:3a edición
Нөхцлүүд:
Шошгууд: Шошго нэмэх
Шошго байхгүй, Энэхүү баримтыг шошголох эхний хүн болох!

MARC

LEADER 00000nam^a2200000^a^4500
001 000244984
005 20250521000000.0
009 20260310105440.639
020 |a 0-226-10937-2 
035 |a 066951 
037 |a Acervo Xavier Clavigero 
082 |a 569. 9  |b CLA 
100 |a Clark, Wilfrid Edward Le Gros  |e (autor) 
245 1 4 |a THE FOSSIL EVIDENCE FOR HUMAN EVOLUTION :  |b AN INTRODUCTION TO THE STUDY OF PALEOANTHROPOLOGY /  |c W.E. LEGROS CLARK 
250 |a 3a edición 
264 |a LONDON :  |b THE UNIVERSITY OF CHICAGO,  |c 1978 
300 |a 231 p. 
336 |a texto  |b txt  |2 rdacontenido 
337 |a sin mediación  |b n  |2 rdamedio 
338 |a volumen  |b nc  |2 rdasoporte 
649 |a XX 
650 |a Fósiles 
650 |a Hombre -  |x Origen 
650 |a Hombre -  |x Antigüedad 
910 |a Fondo General 
920 |a Impresos - Libros 
930 |a Colección General 
905 |a 101 
901 |a 066951  |b IT1  |c ACC  |i 066951  |u 20250521 
902 |a https://opac.biblio.iteso.mx/vufind/Record/000244984